| 000 | 00437nam a2200157Ia 4500 | ||
|---|---|---|---|
| 008 | 230917s9999||||xx |||||||||||||| ||und|| | ||
| 020 | _cRS36 | ||
| 040 |
_e11172 _aMAIN |
||
| 041 | _aEnglish | ||
| 082 | _a519.5 G643O | ||
| 100 | _aGoon, A M | ||
| 245 | 0 | _aBasic statistics: for student of economics,commerce,accountancy and the biological science | |
| 260 |
_aCalcutta _bThe world Press _c1985 |
||
| 300 | _axiii,536 p. | ||
| 942 | _cBK | ||
| 999 |
_c47764 _d47764 |
||